|
|
|
|
| LEADER |
00000nab a2200000 a 4500 |
| 001 |
vtls000598976 |
| 003 |
SK-MaSNL |
| 005 |
20260304092907.0 |
| 008 |
250425c1996 xo 0 slo |
| 015 |
|
|
|a SNBRB19rr/mm-uuuuu
|
| 035 |
|
|
|a CL0599115
|
| 035 |
|
|
|a urn:nbn:sk:snk-ab1ii1
|
| 035 |
|
|
|a (urnnbn)urn:nbn:sk:snk:ar-0040zp
|
| 035 |
|
|
|a (uuid)f0b87462-361b-42cd-a4a3-58ef59938701
|
| 040 |
|
|
|a SNKBUCL
|b slo
|c SNKBUCL
|e AACR2
|
| 041 |
0 |
|
|a slo
|
| 044 |
|
|
|a xo
|c SK
|
| 080 |
|
|
|a 633.11"324":631.811.1:631.454
|2 1981
|
| 080 |
|
|
|a 631.811.1
|2 1981
|
| 080 |
|
|
|a 631.454
|2 1981
|
| 100 |
1 |
|
|a Bujnovský, Radoslav
|4 aut
|9 10288
|
| 245 |
1 |
0 |
|a Towards the economical optimum of nitrogen rates for winter wheat
|c Radoslav Bujnovský
|
| 300 |
|
|
|b Tab. 2, res. angl., slov., lit. 12 zázn. v angl., nem., slov.
|
| 650 |
0 |
7 |
|a ozimná pšenica
|2 snkbucl
|9 28625
|
| 650 |
0 |
7 |
|a hnojenie
|2 snkbucl
|9 14850
|
| 650 |
0 |
7 |
|a dusík
|2 snkbucl
|9 15945
|
| 650 |
0 |
7 |
|a pôda
|2 snkbucl
|9 1159
|
| 650 |
0 |
7 |
|a dusík pôdny
|2 snkbucl
|9 963909
|
| 655 |
|
7 |
|a články z novín a časopisov
|2 snkbucl
|9 267496
|
| 773 |
0 |
|
|t Poľnohospodárstvo
|g Roč. 42, č. 8 (1996), s. 577-583
|x 0551-3677
|
| 850 |
|
|
|a Slovenská národná knižnica
|
| 852 |
|
|
|a Slovenská národná knižnica
|
| 954 |
|
|
|a odborná, vedecká literatúra pôvodná (slovenská)
|2 lita
|
| 958 |
|
|
|a article27
|
| 958 |
|
|
|a NB
|
| 958 |
|
|
|a RK
|
| 958 |
|
|
|a OND
|
| 958 |
|
|
|a EUIPO
|
| 992 |
|
|
|a RBX
|
| 999 |
|
|
|c 2820713
|d 2822643
|